| 000 | 00724nam a22001937a 4500 | ||
|---|---|---|---|
| 005 | 20130515163705.0 | ||
| 010 | _aB-505034-046 | ||
| 020 |
_a9780198081456 _c750.00 |
||
| 035 | _aB-505034-046 | ||
| 037 | _bUBH/Ven | ||
| 082 | _a488.0076 | ||
| 100 | _aBates, Susan | ||
| 245 |
_aOxford Preparation Course For Toefl iBT Exam _ba skills-based communicative approach _cby Susan Bates |
||
| 260 |
_aNew Delhi _bOxford University Press _cc2012 |
||
| 270 |
_aYMCA Library Building,1 Jai Singh Road _bNew Delhi _e110001 |
||
| 300 |
_aIxviii,643p. _c28cm(pbk). _e6 Audio CD's |
||
| 942 |
_2ddc _cEN _mBAT _h488.0076 |
||
| 999 |
_c74434 _d74434 |
||